Sports Quiz

Random Sports or Basketball Quiz
Score 0/30 Timer 06:00
0 Plays Today
Percentage Answer % Correct
.500Stephen Curry
99.8%
.449Joe Harris
63%
.324Gary Harris
63%
.365Paul George
62%
.475Malcolm Brogdon
51.9%
.491Bojan Bogdanovic
50.2%
.423Buddy Hield
47.8%
.421Danny Green
47%
.372Damian Lillard
46.5%
.385Joe Ingles
41.6%
.403Karl-Anthony Towns
38.6%
.401Josh Richardson
38%
.429Marcus Morris
37.9%
.345Markieff Morris
37.9%
.395P.J. Tucker
36.3%
Percentage Answer % Correct
.445Danilo Gallinari
35.7%
.362Blake Griffin
32%
.402Marc Gasol
30.3%
.380Darius Miller
29.8%
.365Jeremy Lamb
29%
.390Josh Hart
28.1%
.364Tim Hardaway
27.5%
.434Bryn Forbes
26.7%
.403Harrison Barnes
26.3%
.317Jordan Clarkson
20.9%
.353Trevor Ariza
20.4%
.365Taurean Prince
20.2%
.391Terrence Ross
19.4%
.378Landry Shamet
16.3%
.406Ryan Arcidiacono
8.5%
Remove Ads.
Support Sporcle.
Get the best of Sporcle when you Go Orange. This ad-free experience offers more features, more stats, and more fun while also helping to support Sporcle. Thank you for becoming a member.

You're not logged in!

Compare scores with friends on all Sporcle quizzes.
OR
Log In

Show Comments

Extras

Top Quizzes Today


Score Distribution

Your Account Isn't Verified!

In order to create a playlist on Sporcle, you need to verify the email address you used during registration. Go to your Sporcle Settings to finish the process.

Report this User

Report this user for behavior that violates our Community Guidelines.

Details: